| 000 | 00684aam a2200229 4500 | ||
|---|---|---|---|
| 005 | 20160831122015.0 | ||
| 008 | 150309b xxu||||| |||| 00| 0 spa d | ||
| 041 | _aspa | ||
| 082 | _a1.9.3 R263e | ||
| 100 |
_aRaya Vílchez, José María _93778 |
||
| 245 | _aEstadística Aplicada al Turismo | ||
| 260 |
_aEspaña _bPearson Educación _c2004 |
||
| 300 | _a100 páginas | ||
| 650 |
_aESTADISTICA TURISTICA _93779 |
||
| 650 |
_aVARIABLE UNIDIMENSIONALES _93780 |
||
| 650 |
_aTIPOS DE MUESTRAS _93781 |
||
| 650 |
_aVARIABLES BIDIMENSIONALES _93782 |
||
| 650 |
_aDIAGRAMAS _91513 |
||
| 650 |
_aTABULACIONES BIVARIANTES _93783 |
||
| 650 |
_aINFERENCIA ESTADISTICA _9783 |
||
| 942 | _cBK | ||
| 999 |
_c3787 _d3787 |
||